000 00764nam a2200253Ia 4500
003 OSt
005 20221005042544.0
006 a|||||r|||| 00| 0
007 ta
008 221004b |||||||| |||| 00| 0 urd d
020 _a9789350736036 (hbk)
_c100
024 _a26685
037 _b4694, 10/03/2016, Kitabi Duniya
_cTextual
040 _aCRL
_cCRL
_burd
041 _2urd
_aurd
082 _aO168,1x, Q5
100 _aHarganvi Manazir Ashiq Ed.
_9195411
245 0 _aMaan Tere Naam
260 _aDelhi.
_bEducational Publishing House. India
_c2015
300 _a94p.
_ccm.
650 _aURDU LITERATURE
942 _hO168,1x, Q5
_cTEXL
_2cc
999 _c950395
_d950395